Most Streamed Albums - Statistics

General Stats
  • This quiz has been taken 7 times
  • The average score is 6 of 10
Answer Stats
Release Year Artist Album % Correct
2022 SZA SOS
86%
2021 Olivia Rodrigo Sour
86%
2017 Ed Sheeran ÷
71%
2020 The Weeknd After Hours
71%
2017 Dua Lipa Dua Lipa
57%
2020 Dua Lipa Future Nostalgia
57%
2016 The Weeknd Starboy
57%
2022 Bad Bunny Un Verano Sin Ti
57%
2019 Post Malone Hollywood's Bleeding
29%
2025 Avicii Avicii Forever
0%
No matching quizzes found
Score Distribution
Percent of People with Each Score
Percentile by Number Answered
Your Score History
You have not taken this quiz